| 000 | 00578nam a22001697a 4500 | ||
|---|---|---|---|
| 005 | 20120502124020.0 | ||
| 008 | 120502t xxu||||| |||| 00| 0 eng d | ||
| 020 |
_c950.00 _a8181160231 |
||
| 035 | _aB-162077 | ||
| 040 |
_aDPL _bENG |
||
| 100 |
_aSiddiqi, M _946210 |
||
| 245 |
_aIndia & Sarrc Nations/ _cby M. Siddiqi |
||
| 260 |
_aNew Delhi _bMaxford _c2006 |
||
| 300 |
_a352p. _c23cm |
||
| 942 |
_2ddc _cEN _h327.54 _mSID |
||
| 999 |
_c65988 _d65988 |
||